Marketing research in a marketing environment

Salvato in:
Dettagli Bibliografici
Autori principali: Dillon, William R., Madden, Thomas J. (Autore), Firtle, Neil H. (Autore)
Natura: Libro
Lingua:inglese
Pubblicazione: Homewood IRWIN 1987
Edizione:[2. ed.]
Accesso online:Visualizza in OPAC
Tags: Aggiungi Tag
Nessun Tag, puoi essere il primo ad aggiungerne!!

MARC

LEADER 00000nam a2200000 a 4500
005 20260127133947.0
008 000507e1987 xxu g eng c
020 |a 0256079773  |c [1.200.00 SK] 
035 |a vtls008473788 
035 |a SAVUKc048647 
039 9 |a 200811270948  |b mschk03  |y 200602030105  |z VLOAD 
040 |a SAVUK  |b slo  |c SNK  |d STUSCHK1  |e AACR2 
041 1 |a eng 
044 |a xxu  |c US 
080 |a 658.8 
100 1 |a Dillon, William R. 
242 0 0 |a Výskum trhu v trhovom prostredí  |y eng 
245 1 0 |a Marketing research in a marketing environment  |c William R. Dillon, Thomas J. Madden, Neil H. Firtle 
250 |a [2. ed.] 
260 |a Homewood  |b IRWIN  |c 1987 
300 |a XXIV, 853 s.  |b Lit., reg., tab. 
700 1 |a Madden, Thomas J.  |4 aut 
700 1 |a Firtle, Neil H.  |4 aut 
910 |a savuk 
910 |a SCHK95 
919 |a 0-256-07977-3 
999 |c 936  |d 936